000 00362nam a2200145Ia 4500
008 230917s9999||||xx |||||||||||||| ||und||
040 _e117184
_aMAIN
041 _aEnglish
082 _a616.855 H855C
100 _aHattum, Van
245 0 _aCommunication disorders an introduction
260 _aNew York
_bMacmillan
_c1980
300 _a578p p.
942 _cBK
999 _c203649
_d203649